Taboo! : the hidden culture of a red light area (Record no. 586278)
[ view plain ]
| 000 -LEADER | |
|---|---|
| fixed length control field | 00374nam a22001337a 4500 |
| 020 ## - INTERNATIONAL STANDARD BOOK NUMBER | |
| International Standard Book Number | 0195797965 |
| 082 ## - DEWEY DECIMAL CLASSIFICATION NUMBER | |
| Classification number | 305.4095491 |
| 100 ## - MAIN ENTRY--PERSONAL NAME | |
| Personal name | Saeed, Fouzia, 1959- |
| 245 ## - TITLE STATEMENT | |
| Title | Taboo! : the hidden culture of a red light area |
| 260 ## - PUBLICATION, DISTRIBUTION, ETC. | |
| Place of publication, distribution, etc. | New York |
| Name of publisher, distributor, etc. | Oxford University Press |
| Date of publication, distribution, etc. | 2002 |
| 300 ## - PHYSICAL DESCRIPTION | |
| Extent | 324p |
| 942 ## - ADDED ENTRY ELEMENTS (KOHA) | |
| Source of classification or shelving scheme | |
| Koha item type | Book |
| Withdrawn status | Lost status | Source of classification or shelving scheme | Materials specified (bound volume or other part) | Damaged status | Not for loan | Permanent Location | Current Location | Date acquired | Source of acquisition | Total Checkouts | Total Renewals | Full call number | Barcode | Date last seen | Price effective from | Koha item type |
|---|---|---|---|---|---|---|---|---|---|---|---|---|---|---|---|---|
| Donated by Ms. Saima Anwer DFID | Central Library (CL) | Central Library (CL) | 08/28/2021 | Donation | 3 | 305.4095491 SAE | CL-D-1156 | 06/12/2022 | 08/28/2021 | Book |
